The Russia Quiz Stats

 Plays Quiz Updated Oct 15, 2018

Score 0/50 Timer 07:00
1 Play Today
Hint Answer % Correct
Flag ColorRed
98.1%
Flag ColorWhite
97.3%
Capital CityMoscow
95.7%
Flag ColorBlue
95.6%
Official LanguageRussian
95.4%
Nationality (Demonym)Russian
95.5%
Bordering CountryChina
92.2%
ContinentAsia
90.6%
ContinentEurope
90.5%
Bordering OceanPacific Ocean
87%
Bordering CountryUkraine
84.7%
Bordering CountryMongolia
84.3%
Bordering OceanAtlantic Ocean
82.2%
Second Largest CitySaint Petersburg
81.8%
Drives on the...Right
81.1%
Bordering CountryLatvia
79.8%
Bordering CountryEstonia
78.5%
Bordering OceanArctic Ocean
77.4%
Bordering CountryLithuania
76.4%
Bordering CountryFinland
74.9%
First Soviet Union LeaderVladimir Lenin
74.5%
Bordering CountryKazakhstan
74.4%
Bordering CountryBelarus
74%
Bordering CountryGeorgia
73.2%
Bordering CountryPoland
72.1%
Hint Answer % Correct
CurrencyRussian Ruble (RUB)
69.4%
PresidentVladimir Putin
68.5%
Bordering CountryNorth Korea
62.6%
Czar's Religious DenominationRussian Orthodox
62.3%
Prime MinisterDmitry Medvedev
61.2%
Bordering CountryAzerbaijan
59.1%
Last Soviet Union LeaderMikhail Gorbachev
57.2%
Official NameRussian Federation
51.1%
Bordering CountryNorway
50.8%
Founder of Second Largest CityPeter the Great
50.3%
2014 Olympic Host CitySochi
44.8%
Last Czar of RussiaNicholas II
44.1%
First PresidentBoris Yeltsin
44%
Presidential ResidenceMoscow Kremlin
35.4%
Largest Lake WithinLake Baikal
33%
Longest RiverVolga
32.2%
Federal Assembly Lower HouseState Duma
26%
Baltic Sea ExclaveKaliningrad Oblast
22.7%
Lowest Point (-28 m)Caspian Sea
20.3%
Highest Point (5,633 m)Mount Elbrus
15.9%
Largest Federal SubjectSakha Republic
13.3%
Largest IslandSakhalin
12.9%
# of Federal Subjects83
11.2%
Russia DayJune 12, 1990
7.9%
Federal Assembly Upper HouseFederation Council
5.6%

You're not logged in!

Compare scores with friends on all Sporcle quizzes.
OR
Log In

Sporcle TV

Today on Sporcle TV


Watch our educational content, quiz creation guides, and fun videos on Sporcle TV.

Show Comments

Extras

Top Quizzes Today


Score Distribution

Your Account Isn't Verified!

In order to create a playlist on Sporcle, you need to verify the email address you used during registration. Go to your Sporcle Settings to finish the process.

Report this User

Report this user for behavior that violates our Community Guidelines.

Details: